| 000 | 00457nam a2200133Ia 4500 | ||
|---|---|---|---|
| 008 | 160809s9999 xx 000 0 und d | ||
| 100 | _aBantimaroudis, Philemon. | ||
| 245 | _a“Chemtrails” in the Sky: Toward a Group-mediated Delusion Theory | ||
| 245 | _cPhilemon Bantimaroudis | ||
| 260 | _bStudies in Media and Communication | ||
| 260 | _cDecember 2016 | ||
| 650 | _xCOMMUNICATION | ||
| 856 | _uhttp://redfame.com/journal/index.php/smc/issue/current | ||
| 999 |
_c299979 _d299979 |
||